000 01457cam a2200361 a 4500
005 20160906103012.0
008 160122s2004 sp ad fr 001 0 spa d
020 _a9788448140731
035 _a(Sirsi) a694022
040 _aCO-BoUCM
_bspa
_cSaul Niño
_dSaul Niño
041 1 _aspa
_heng
100 1 _aRosen, Kenneth H
_929034
245 1 0 _aMatemática discreta y sus aplicaciones
_cKenneth H. Rosen ; traducción José Manuel Pérez Morales...[y otros.]
250 _a5a ed
260 _aMadrid (España)
_aBogotá (Colombia)
_bMcGraw-Hill
_c2004
300 _axxii, 860 páginas
_bilustraciones, gráficos, diagramas y tablas
500 _aIncluye índice
534 _tDiscrete mathematics and its applications.
541 _aTienda Javeriana;
_cCompra;
_d2008/Feb./26;
_h$80.800;
_n1 c.
650 7 _aComputadores
_xMatemáticas
_911337
650 7 _aLógica simbólica y matemática
_918802
650 7 _aMatemáticas discretas
_952703
650 7 _aCombinaciones (Matemáticas)
_911170
650 7 _aAnálisis matemático
_99008
650 7 _aTeoría de grafos
_925269
690 _aMatemáticas
_919031
700 1 _aPérez Morales, José Manuel
_etraductor
_975008
700 1 _aMoro Carreño, Julio
_etraductor
_975009
700 1 _aLías Quintero, Ana Isabel
_etraductor
_975010
700 1 _aRamos Alonc, Pedro Antonio
_etraductor
_975011
942 _2DEWEY
_a25
_cLIBRO
_e5
_h511.3
_mR813ma
999 _c302444
_d302444